000 00367nam a2200133 i 4500
001 bg
100 1 _aLEWOWSKI, Tadeusz
245 0 _aDroga tłumienia elektronów w cienkich warstwach haloidków metali alkalicznych /
_cTadeusz Lewowski.
260 _aWarszawa,
_c1975.
040 _cBPK
041 _apol
942 _cKS
008 s pl f |000 0 pol
999 _c15829
_d15829
856 _uhttp://koha.tu.koszalin.pl/cgi-bin/koha/opac-detail.pl?biblionumber=15829
_yKatalog online BPK